[Event "Bad Woerishofen Seniors opA 23rd"]
[Site "Bad Woerishofen"]
[Date "2007.03.13"]
[Round "6"]
[White "Mack, Thomas"]
[Black "Xander, Karl"]
[Result "1/2-1/2"]
[WhiteElo "1861"]
[BlackElo "1791"]
[PlyCount "60"]
[EventDate "2007.03.08"]
[EventType "swiss"]
[EventRounds "9"]
[EventCountry "GER"]
[SourceTitle "EXT 2022"]
[Source "ChessBase"]
[SourceDate "2021.10.06"]
[SourceVersion "1"]
[SourceVersionDate "2021.10.06"]
[SourceQuality "1"]

1. e4 c5 2. Nf3 d6 3. d4 cxd4 4. Nxd4 Nf6 5. Nc3 g6 6. Be3 Bg7 7. f3 Nc6 8. Qd2 Bd7 9. 0-0-0 0-0 10. g4 Qa5 11. Nb3 Qd8 12. Bh6 a5 13. Bxg7 Kxg7 14. h4 a4 15. Nd4 Qb6 16. h5 Qxd4 17. h6+ Kg8 18. Qxd4 Nxd4 19. Rxd4 a3 20. b3 Rfc8 21. Kd2 Rc5 22. b4 Rc7 23. Rc4 Rac8 24. Rxc7 Rxc7 25. g5 Nh5 26. Nd5 Ng3 27. Nxc7 Nxh1 28. Nd5 Kf8 29. Kc3 Ng3 30. Bd3 Nh5 1/2-1/2

[Event "Bad Woerishofen Seniors opA 23rd"]
[Site "Bad Woerishofen"]
[Date "2007.03.11"]
[Round "4"]
[White "Jagdhuber, Hans"]
[Black "Xander, Karl"]
[Result "1-0"]
[WhiteElo "1857"]
[BlackElo "1791"]
[PlyCount "76"]
[EventDate "2007.03.08"]
[EventType "swiss"]
[EventRounds "9"]
[EventCountry "GER"]
[SourceTitle "EXT 2022"]
[Source "ChessBase"]
[SourceDate "2021.10.06"]
[SourceVersion "1"]
[SourceVersionDate "2021.10.06"]
[SourceQuality "1"]

1. c4 Nf6 2. Nc3 e5 3. g3 d5 4. cxd5 Nxd5 5. Bg2 Nxc3 6. bxc3 Bc5 7. Nf3 Nc6 8. d3 0-0 9. 0-0 h6 10. Bb2 Qe7 11. d4 exd4 12. cxd4 Bd6 13. Nd2 Bg4 14. Nf3 Rad8 15. h3 Bh5 16. e3 Rfe8 17. Qb3 Qd7 18. Kh2 Bg6 19. Nd2 Nb4 20. e4 a5 21. a3 a4 22. Qc3 Na6 23. f4 Bf8 24. f5 Bh7 25. Nc4 c5 26. d5 f6 27. Ne3 b5 28. Nc2 b4 29. Qc4 Qa7 30. Ne1 Rb8 31. Nd3 Kh8 32. e5 bxa3 33. Rxa3 Nb4 34. exf6 Nxd3 35. fxg7+ Bxg7 36. Bxg7+ Qxg7 37. Qxd3 Qf6 38. Rxa4 Rb2 1-0

[Event "Bad Woerishofen Seniors opA 23rd"]
[Site "Bad Woerishofen"]
[Date "2007.03.09"]
[Round "2"]
[White "Straub, Peter"]
[Black "Xander, Karl"]
[Result "1-0"]
[WhiteElo "2036"]
[BlackElo "1791"]
[PlyCount "65"]
[EventDate "2007.03.08"]
[EventType "swiss"]
[EventRounds "9"]
[EventCountry "GER"]
[SourceTitle "EXT 2022"]
[Source "ChessBase"]
[SourceDate "2021.10.06"]
[SourceVersion "1"]
[SourceVersionDate "2021.10.06"]
[SourceQuality "1"]

1. e4 c5 2. Nf3 Nc6 3. Bb5 a6 4. Bxc6 dxc6 5. 0-0 Bg4 6. d3 e6 7. Be3 Nf6 8. Nbd2 Qc7 9. c3 Be7 10. Qc2 Rd8 11. d4 cxd4 12. cxd4 0-0 13. h3 Bh5 14. Ne5 Nd7 15. Nxd7 Rxd7 16. f4 h6 17. Nf3 Bxf3 18. Rxf3 Bf6 19. e5 Be7 20. f5 exf5 21. Qxf5 Rd5 22. Rg3 Qc8 23. Qh5 Bg5 24. Bxg5 hxg5 25. Qxg5 g6 26. Rf1 Qe8 27. Rf4 c5 28. Rh4 Rxd4 29. Rgg4 Rxg4 30. hxg4 Qd8 31. Qh6 Qd4+ 32. Kh1 Qd1+ 33. Kh2 1-0

[Event "Bad Woerishofen Seniors opA 22th"]
[Site "Bad Woerishofen"]
[Date "2006.03.18"]
[Round "2"]
[White "Hoeschele, Hans Ulrich"]
[Black "Xander, Karl"]
[Result "1-0"]
[WhiteElo "2096"]
[BlackElo "1840"]
[PlyCount "63"]
[EventDate "2006.03.17"]
[EventType "swiss"]
[EventRounds "9"]
[EventCountry "GER"]
[SourceTitle "EXT 2022"]
[Source "ChessBase"]
[SourceDate "2021.10.06"]
[SourceVersion "1"]
[SourceVersionDate "2021.10.06"]
[SourceQuality "1"]

1. Nf3 Nf6 2. c4 g6 3. b3 Bg7 4. Bb2 0-0 5. e3 c5 6. Be2 Nc6 7. 0-0 e6 8. d4 cxd4 9. Nxd4 d5 10. Nxc6 bxc6 11. Nd2 Re8 12. Be5 Qa5 13. Qc2 Bb7 14. Rfd1 Nd7 15. Bxg7 Kxg7 16. b4 Qd8 17. c5 Qf6 18. Nb3 Rab8 19. Rab1 e5 20. a4 Nf8 21. b5 Rec8 22. Na5 Ba8 23. b6 Ne6 24. b7 Bxb7 25. Nxb7 Ng5 26. Nd6 Rxb1 27. Rxb1 Rd8 28. Rb7 e4 29. h4 Nf3+ 30. Bxf3 Rxd6 31. cxd6 exf3 32. Qb2 1-0

[Event "Seefeld Seniors op 1st"]
[Site "Seefeld"]
[Date "2005.09.25"]
[Round "7.3"]
[White "Engler, Gunter"]
[Black "Xander, Karl"]
[Result "1/2-1/2"]
[WhiteElo "1766"]
[BlackElo "1841"]
[PlyCount "132"]
[EventDate "2005.09.19"]
[EventType "swiss"]
[EventRounds "7"]
[EventCountry "AUT"]
[SourceTitle "EXT 2007"]
[Source "ChessBase"]
[SourceDate "2006.11.23"]
[SourceVersion "1"]
[SourceVersionDate "2006.11.23"]
[SourceQuality "1"]

1. d4 Nf6 2. Nf3 b6 3. g3 Bb7 4. Bg2 e6 5. Bg5 Be7 6. 0-0 0-0 7. c3 d6 8. Nbd2 Nbd7 9. e3 h6 10. Bxf6 Nxf6 11. Qc2 Rc8 12. Rfe1 c5 13. Nh4 Qc7 14. Bxb7 Qxb7 15. Ng2 b5 16. dxc5 dxc5 17. a3 Rfd8 18. Rad1 c4 19. Nf1 Ng4 20. Rxd8+ Bxd8 21. Rd1 Ne5 22. Ne1 Bf6 23. Qe2 a5 24. f4 Nd7 25. Qf3 Qxf3 26. Nxf3 Nc5 27. Ne1 Kf8 28. Kg2 Rd8 29. Rb1 e5 30. fxe5 Bxe5 31. Nf3 Bf6 32. N1d2 Re8 33. Kf2 Nd3+ 34. Ke2 h5 35. a4 Ne5 36. Nxe5 Rxe5 37. axb5 Rxb5 38. Nxc4 Bxc3 39. Kd3 Bf6 40. b3 Ke7 41. Na3 Rb7 42. Nc2 Kd6 43. Kc4 Rc7+ 44. Kd3 Rc3+ 45. Kd2 Kd5 46. Rb2 Ke4 47. Ra2 Rxb3 48. Ra4+ Kf3 49. Nd4+ Bxd4 50. exd4 Rb5 51. Kd3 Kg2 52. Ra2+ Kh3 53. Kc4 Rg5 54. d5 Rg6 55. Kc5 Rh6 56. d6 Rh8 57. d7 h4 58. gxh4 Kxh4 59. Kd6 Kh3 60. Kc7 g5 61. d8Q Rxd8 62. Kxd8 g4 63. Ke7 f5 64. Ke6 f4 65. Ke5 g3 66. hxg3 fxg3 1/2-1/2

[Event "Seefeld Seniors op 1st"]
[Site "Seefeld"]
[Date "2005.09.23"]
[Round "5.1"]
[White "Schueler, Wolfgang"]
[Black "Xander, Karl"]
[Result "1-0"]
[WhiteElo "1968"]
[BlackElo "1841"]
[PlyCount "141"]
[EventDate "2005.09.19"]
[EventType "swiss"]
[EventRounds "7"]
[EventCountry "AUT"]
[SourceTitle "EXT 2007"]
[Source "ChessBase"]
[SourceDate "2006.11.23"]
[SourceVersion "1"]
[SourceVersionDate "2006.11.23"]
[SourceQuality "1"]

1. e4 c5 2. Nc3 Nc6 3. g3 g6 4. Bg2 Bg7 5. d3 Nf6 6. f4 d6 7. Nf3 0-0 8. 0-0 Bd7 9. h3 Rb8 10. g4 b5 11. Ne2 Ne8 12. c3 b4 13. c4 a5 14. Rb1 e6 15. Ng3 Nd4 16. Be3 Nxf3+ 17. Qxf3 Nc7 18. f5 exf5 19. gxf5 Qh4 20. Bf2 Be5 21. Ne2 Qf6 22. b3 gxf5 23. Be3 Kh8 24. exf5 Rg8 25. Qh5 Bc6 26. Rf2 Rxg2+ 27. Rxg2 Bxg2 28. Kxg2 Rg8+ 29. Kh1 Ne8 30. Bh6 Ng7 31. Bxg7+ Rxg7 32. Rg1 Rxg1+ 33. Nxg1 Bf4 34. Qg4 Qg5 35. Qxg5 Bxg5 36. Kg2 Kg7 37. Kf3 Bf6 38. Kg4 Be5 39. Nf3 Bb2 40. Nd2 Be5 41. Ne4 h6 42. h4 f6 43. h5 Kf7 44. Kf3 Ke7 45. Nf2 Bb2 46. Ke4 Bc1 47. Kd5 Bf4 48. Kc6 Be3 49. Ne4 Bf4 50. Kb5 Be5 51. Kxa5 Kd7 52. Kb5 Kc7 53. Nd2 Kd7 54. Nf3 Bc3 55. Kb6 Bb2 56. Nh2 Bc1 57. Ng4 Bg5 58. Kb7 d5 59. Kb6 Kd6 60. Kb5 dxc4 61. dxc4 Bd2 62. Nxf6 Ke5 63. Ng4+ Kxf5 64. Nxh6+ Bxh6 65. Kxc5 Ke5 66. Kxb4 Kd4 67. Kb5 Bf8 68. b4 Kc3 69. c5 Kd4 70. a4 Kd5 71. a5 1-0

[Event "Bad Woerishofen Seniors op 21st"]
[Site "Bad Woerishofen"]
[Date "2005.03.10"]
[Round "8"]
[White "Xander, Karl"]
[Black "Kreie, Guenther"]
[Result "1-0"]
[WhiteElo "1886"]
[BlackElo "1847"]
[PlyCount "50"]
[EventDate "2005.03.03"]
[EventType "swiss"]
[EventRounds "9"]
[EventCountry "GER"]
[SourceTitle "EXT 2006"]
[Source "ChessBase"]
[SourceDate "2005.11.24"]
[SourceVersion "1"]
[SourceVersionDate "2005.11.24"]
[SourceQuality "1"]

1. e4 c5 2. Nf3 Nc6 3. d4 cxd4 4. Nxd4 Nf6 5. Nc3 e6 6. Ndb5 Bb4 7. a3 Bxc3+ 8. Nxc3 0-0 9. Bg5 d5 10. exd5 exd5 11. Be2 Qd6 12. 0-0 d4 13. Nb5 Qe5 14. Bh4 Nd5 15. Bg3 Nf4 16. Bd3 Qg5 17. Nc7 Rb8 18. Qc1 Ne6 19. Nxe6 Qxc1 20. Raxc1 Bxe6 21. Bxb8 Rxb8 22. Rfe1 g6 23. f4 Kf8 24. h3 h5 25. Rcd1 Rc8 1-0

[Event "Wuerttemberg-ch Seniors 16th"]
[Site "Freudenstadt"]
[Date "2004.05.03"]
[Round "2"]
[White "Xander, Karl"]
[Black "Schmitzer, Heinrich"]
[Result "0-1"]
[WhiteElo "1889"]
[BlackElo "1981"]
[PlyCount "78"]
[EventDate "2004.05.02"]
[EventType "swiss"]
[EventRounds "9"]
[EventCountry "GER"]
[SourceTitle "EXT 2006"]
[Source "ChessBase"]
[SourceDate "2005.11.24"]
[SourceVersion "1"]
[SourceVersionDate "2005.11.24"]
[SourceQuality "1"]

1. e4 d6 2. d4 g6 3. f4 Bg7 4. Nf3 Nf6 5. Nc3 0-0 6. Be2 Bg4 7. h3 Bd7 8. g4 e6 9. 0-0 Nc6 10. Be3 Ne7 11. Nh4 d5 12. e5 Ne4 13. Nxe4 dxe4 14. Ng2 Nd5 15. Bd2 b5 16. c3 Nb6 17. Qb3 a6 18. Rac1 Bc6 19. Qc2 Nc4 20. Bxc4 bxc4 21. Be3 Qd5 22. Rf2 f5 23. exf6 Bxf6 24. Rcf1 Be7 25. Qe2 Rab8 26. h4 Rb5 27. b3 Rb7 28. bxc4 Qa5 29. f5 exf5 30. gxf5 Rxf5 31. Rxf5 gxf5 32. Qf2 Bd7 33. Qg3+ Kf7 34. Bh6 Bf6 35. Ne3 Rb8 36. Nd5 Rg8 37. Bg5 Bxg5 38. hxg5 h6 39. Kh1 Rxg5 0-1

[Event "Wuerttemberg-ch Seniors 15th"]
[Site "Ellwangen"]
[Date "2003.04.19"]
[Round "9"]
[White "Xander, Karl"]
[Black "Weber, Helmut1"]
[Result "1-0"]
[WhiteElo "1891"]
[BlackElo "1804"]
[PlyCount "64"]
[EventDate "2003.04.??"]
[EventType "swiss"]
[EventRounds "9"]
[EventCountry "GER"]
[SourceTitle "EXT 2006"]
[Source "ChessBase"]
[SourceDate "2005.11.24"]
[SourceVersion "1"]
[SourceVersionDate "2005.11.24"]
[SourceQuality "1"]

1. e4 e5 2. Nf3 Nf6 3. Nxe5 Qe7 4. d4 d6 5. Nf3 Qxe4+ 6. Be2 Bf5 7. c4 Qc2 8. 0-0 Nbd7 9. Qxc2 Bxc2 10. Nc3 Be7 11. Nb5 Bd8 12. Bg5 h6 13. Bh4 a6 14. Nc3 0-0 15. Rac1 Bh7 16. Rfe1 Re8 17. Bf1 Be7 18. b4 Bf8 19. c5 c6 20. a4 d5 21. b5 axb5 22. axb5 Ne4 23. Nxe4 Bxe4 24. Nd2 Bh7 25. Rxe8 Rxe8 26. Ra1 f5 27. f4 Be7 28. bxc6 bxc6 29. Ra7 Nxc5 30. Rxe7 Rxe7 31. Bxe7 Ne4 32. Nxe4 dxe4 1-0

[Event "Bad Woerishofen Seniors op 18th"]
[Site "Bad Woerishofen"]
[Date "2002.03.11"]
[Round "5"]
[White "Harke, Horst"]
[Black "Xander, Karl"]
[Result "0-1"]
[WhiteElo "1755"]
[BlackElo "1969"]
[PlyCount "88"]
[EventDate "2002.03.??"]
[EventType "swiss"]
[EventRounds "9"]
[EventCountry "GER"]
[SourceTitle "EXT 2006"]
[Source "ChessBase"]
[SourceDate "2005.11.24"]
[SourceVersion "1"]
[SourceVersionDate "2005.11.24"]
[SourceQuality "1"]

1. d4 Nf6 2. c4 g6 3. Nc3 d5 4. cxd5 Nxd5 5. e4 Nxc3 6. bxc3 Bg7 7. Be3 c5 8. Bb5+ Nd7 9. Ne2 0-0 10. dxc5 Qc7 11. Bxd7 Bxd7 12. Rb1 Rfd8 13. Qc2 Bc6 14. 0-0 Qe5 15. f3 Qc7 16. Rfd1 Qa5 17. Rxd8+ Rxd8 18. Bd4 e5 19. Bf2 h5 20. Nc1 Bh6 21. Nb3 Qa3 22. Qe2 a5 23. g4 hxg4 24. Bh4 gxf3 25. Qxf3 Rd7 26. Re1 a4 27. Rd1 axb3 28. Rxd7 Bxd7 29. axb3 Qxb3 30. Qd3 Qe6 31. c4 Bf4 32. Kg2 Kg7 33. h3 g5 34. Be1 Bc6 35. Bc3 Qd7 36. Qf3 f5 37. Qh5 Bxe4+ 38. Kf2 Qe7 39. Bb4 Bc6 40. Qd1 Qd7 41. Qd6 Qxd6 42. cxd6 b6 43. c5 bxc5 44. Bxc5 Kf7 0-1

[Event "Wuerttemberg-ch Seniors 14th"]
[Site "Ellwangen"]
[Date "2002.??.??"]
[Round "1"]
[White "Frommann, Waldemar"]
[Black "Xander, Karl"]
[Result "1/2-1/2"]
[WhiteElo "1567"]
[BlackElo "1931"]
[PlyCount "120"]
[EventDate "2002.03.30"]
[EventType "swiss"]
[EventRounds "9"]
[EventCountry "GER"]
[SourceTitle "EXT 2006"]
[Source "ChessBase"]
[SourceDate "2005.11.24"]
[SourceVersion "1"]
[SourceVersionDate "2005.11.24"]
[SourceQuality "1"]

1. e4 c5 2. Nf3 d6 3. d4 cxd4 4. Nxd4 Nf6 5. Nc3 g6 6. Be2 Bg7 7. Be3 Nc6 8. Qd2 Bd7 9. 0-0 a6 10. a4 Rc8 11. f4 0-0 12. Nxc6 Bxc6 13. Bf3 Qc7 14. a5 Nd7 15. Bd4 e5 16. fxe5 Nxe5 17. Be2 Rfe8 18. Bb6 Qe7 19. Rad1 Qh4 20. Bf2 Qd8 21. Bb6 Qh4 22. Bf2 Qe7 23. Qxd6 Qxd6 24. Rxd6 Bf8 25. Rdd1 Bb4 26. Bd4 Bxa5 27. Bxe5 Rxe5 28. Bc4 Be8 29. Bd5 Bxc3 30. bxc3 Rxc3 31. Bxb7 Rxc2 32. Bxa6 Kf8 33. Bb7 Rb5 34. Bd5 Rbb2 35. e5 Kg7 36. Bf3 g5 37. h3 h5 38. Rd4 Bb5 39. Re1 Bc4 40. Be4 Rc3 41. Bf3 Rcc2 42. Be4 Re2 43. Rxe2 Bxe2 44. Rd5 Rb4 45. Bf5 Rf4 46. Bd7 Bc4 47. Rc5 Be6 48. Bb5 h4 49. Bd3 Rd4 50. Bc2 Bd5 51. Bf5 Rd2 52. Rc2 Rxc2 53. Bxc2 Be6 54. Be4 Kh6 55. Kf2 g4 56. hxg4 Bxg4 57. Ke3 Kg5 58. Bd5 Be6 59. Be4 Kg4 60. Bf3+ Kg3 1/2-1/2

[Event "Wuerttemberg-ch Seniors 13th"]
[Site "Ellwangen"]
[Date "2001.??.??"]
[Round "9"]
[White "Richter, Gerhard"]
[Black "Xander, Karl"]
[Result "0-1"]
[WhiteElo "1899"]
[BlackElo "1926"]
[PlyCount "54"]
[EventDate "2001.04.??"]
[EventType "swiss"]
[EventRounds "9"]
[EventCountry "GER"]
[SourceTitle "EXT 2006"]
[Source "ChessBase"]
[SourceDate "2005.11.24"]
[SourceVersion "1"]
[SourceVersionDate "2005.11.24"]
[SourceQuality "1"]

1. Nf3 Nf6 2. g3 g6 3. Bg2 Bg7 4. d3 d5 5. Nbd2 0-0 6. e4 dxe4 7. dxe4 Nc6 8. 0-0 e5 9. c3 Qe7 10. Qc2 h6 11. h3 Be6 12. b4 a6 13. a4 b5 14. Ba3 Rfd8 15. Rfd1 Rd7 16. Bf1 Rb8 17. axb5 axb5 18. Bb2 Kh7 19. Ra6 Rd6 20. Rda1 Qd7 21. Kh2 Nh5 22. Nb3 Bxb3 23. Qxb3 f5 24. Ra8 fxe4 25. Rxb8 Nxb8 26. Ra8 Rb6 27. Ng1 Qd2 0-1